000 01105cam a2200337 i 4500
001 17833482
003 OSt
005 20230223155534.0
008 130801s2012 vraa b 001 0 eng
010 _a 2013433637
020 _a0170449274
037 _bLevel 7, 80 Dorcas Street South Melbourne Victoria, Australia 3205
040 _aDLC
_beng
_cDLC
_dDLC
_erda
_dDLC
042 _apcc
050 0 0 _aLB1051
_b.D83 2022
245 0 0 _aEducational psychology :
_bfor learning and teaching /
_cSue Duchesne, Anne McMaugh & Erin Mackenzie
250 _a7th ed.
264 1 _a Australia
_bCengage Learning
_c2022
300 _axx, 661p.
_c
336 _atext
_2rdacontent
337 _aunmediated
_2rdamedia
338 _avolume
_2rdacarrier
504 _aIncludes bibliographical references (pages 569-601) and index.
650 0 _aEducational psychology.
700 1 _aDuchesne, Sue.
700 1 _aMcMaugh, Anne.
700 1 _aMackenzie, Erin
906 _a7
_bcbc
_corigres
_d3
_encip
_f20
_gy-gencatlg
942 _2lcc
_cBK
999 _c19856
_d19855